ホームドア未設置の地下鉄駅 - Statistics

General Stats
  • This quiz has been taken 92 times
  • The average score is 40 of 120
Answer Stats
駅名 % Correct
58%
中野
51%
妙典
49%
長田
48%
西船橋
48%
大阪港
43%
コスモスクエア
43%
谷町四丁目
43%
天神橋筋六丁目
43%
原木中山
43%
本町
43%
押上
42%
九条
42%
堺筋本町
42%
谷町九丁目
42%
谷町六丁目
42%
天王寺
42%
南砂町
42%
八尾南
42%
浦安
41%
行徳
41%
南行徳
41%
浅草
39%
落合
39%
住之江公園
39%
大日
39%
阿波座
38%
上小田井
38%
木場
38%
喜連瓜破
38%
十条
38%
新長田
38%
弁天町
38%
国際会館
36%
三宮・花時計前
36%
住吉
36%
なんば
36%
西馬込
36%
森ノ宮
36%
赤池
35%
四天王寺前夕陽ヶ丘
35%
竹田
35%
南森町
35%
守口
35%
朝潮橋
33%
阿倍野
33%
いりなか
33%
大須観音
33%
北加賀屋
33%
御器所
33%
関目高殿
33%
太子橋今市
33%
高井田
33%
谷上
33%
鶴舞
33%
伏見
33%
茅場町
32%
千林大宮
32%
天満橋
32%
中崎町
32%
肥後橋
32%
文の里
32%
本所吾妻橋
32%
馬込
32%
丸の内
32%
都島
32%
和田岬
32%
今出川
30%
岸里
30%
五反田
30%
浄心
30%
庄内緑地公園
30%
中延
30%
野江内代
30%
緑橋
30%
北山
29%
くいな橋
29%
鞍馬口
29%
駒川中野
29%
庄内通
29%
花園町
29%
ハーバーランド
29%
平野
29%
深江橋
29%
松ヶ崎
29%
八事
29%
植田
28%
上前津
28%
清澄白河
28%
蔵前
28%
五条
28%
水天宮前
28%
浅間町
28%
高輪台
28%
玉出
28%
出戸
28%
戸越
28%
人形町
28%
平針
28%
丸太町
28%
南千住
28%
四ツ橋
28%
駒ヶ林
26%
長原
26%
御崎公園
26%
入谷
25%
恵比寿
25%
川名
25%
旧居留地・大丸前
25%
荒畑
23%
小伝馬町
23%
塩釜口
23%
三ノ輪
23%
県庁前
22%
田辺
22%
中央市場前
22%
みなと元町
22%
苅藻
20%
妙法寺
20%
No matching quizzes found
Score Distribution
Percent of People with Each Score
Percentile by Number Answered
Your Score History
You have not taken this quiz